[Event "XVI Weekend B"]
[Site "Campodarsego ITA"]
[Date "2005.01.23"]
[Round "5"]
[White "Reato, Giovanni"]
[Black "Giordan, Daniele"]
[Result "0-1"]
[WhiteElo "1685"]
[BlackElo "1732"]
[PlyCount "92"]
[EventDate "2005.01.21"]

1. e4 d6 2. d4 Nf6 3. Nc3 g6 4. Nf3 c6 5. Be2 Bg7 6. Bg5 Qa5 7. O-O Bg4 8. Be3
Nbd7 9. Qd2 b5 10. a3 a6 11. b4 Qc7 12. h3 Bxf3 13. Bxf3 O-O 14. Rad1 Rac8 15.
Ne2 Nb6 16. c3 Nc4 17. Qc1 Nd7 18. Bg4 e6 19. Ng3 f5 20. exf5 exf5 21. Bf3 Ndb6
22. Rfe1 Na4 23. Re2 d5 24. Bf4 Qd7 25. Rde1 Rfe8 26. h4 Rxe2 27. Rxe2 Re8 28.
Be3 Kf7 29. Nf1 Re6 30. Nh2 Qe8 31. Kf1 Nxe3+ 32. fxe3 Qb8 33. Kg1 Qg3 34. h5
Qh4 35. hxg6+ hxg6 36. Qc2 Nb6 37. g4 Qg5 38. Kf2 Nc4 39. gxf5 gxf5 40. Qc1 Bh6
41. Nf1 Qh4+ 42. Ng3 Qh2+ 43. Bg2 Rg6 44. Qb1 Qxg3+ 45. Kf1 Nxe3+ 46. Rxe3
Qxg2+ 0-1

[Event "XVI Weekend B"]
[Site "Campodarsego ITA"]
[Date "2005.01.23"]
[Round "5"]
[White "Sanavio, Giancarlo"]
[Black "Tomio, Dante"]
[Result "1/2-1/2"]
[WhiteElo "1685"]
[BlackElo "1891"]
[PlyCount "83"]
[EventDate "2005.01.21"]

1. Nf3 c5 2. c4 Nc6 3. d4 cxd4 4. Nxd4 Nf6 5. Nc3 g6 6. e4 d6 7. Be2 Bg7 8. Be3
O-O 9. Qd2 Bd7 10. O-O Rc8 11. f4 Nxd4 12. Bxd4 Bc6 13. Qe3 b6 14. e5 Ne8 15.
e6 Bxd4 16. exf7+ Rxf7 17. Qxd4 e6 18. Bg4 Ng7 19. Rae1 Qe7 20. Nd5 Bxd5 21.
cxd5 e5 22. fxe5 Rxf1+ 23. Rxf1 dxe5 24. Qd2 Qc5+ 25. Kh1 Rd8 26. Bf3 Ne6 27.
Qe1 Nd4 28. Qxe5 Nxf3 29. Qe6+ Kg7 30. gxf3 Rxd5 31. Re1 Rf5 32. Qe7+ Qxe7 33.
Rxe7+ Rf7 34. Rxf7+ Kxf7 35. Kg2 Kf6 36. f4 a6 37. Kf3 Kf5 38. Kg3 h6 39. Kf3
a5 40. a4 g5 41. fxg5 hxg5 42. Kg3 1/2-1/2

[Event "XVI Weekend B"]
[Site "Campodarsego ITA"]
[Date "2005.01.23"]
[Round "5"]
[White "Scarangella, Luca"]
[Black "Dal Bo, Francesco"]
[Result "1-0"]
[WhiteElo "1497"]
[BlackElo "1470"]
[PlyCount "141"]
[EventDate "2005.01.21"]

1. d4 Nf6 2. Nf3 b6 3. c4 Bb7 4. Nc3 e6 5. e3 Be7 6. Be2 O-O 7. O-O d5 8. cxd5
Nxd5 9. a3 Nd7 10. Bd2 c5 11. Rc1 cxd4 12. Nxd4 a6 13. Nxd5 Bxd5 14. Bf3 Ne5
15. Bxd5 Qxd5 16. Bc3 Rfd8 17. Qe2 Qc4 18. Qxc4 Nxc4 19. Nc6 Rd7 20. Nxe7+ Rxe7
21. Bxg7 b5 22. Bc3 Rd7 23. h3 Rb8 24. Rfd1 Rbd8 25. Rxd7 Rxd7 26. Kf1 Kf8 27.
Ke2 f5 28. Rd1 Ke7 29. Rxd7+ Kxd7 30. g4 Kd6 31. g5 Kd5 32. Kd3 e5 33. h4 e4+
34. Ke2 Ke6 35. f4 a5 36. h5 Kf7 37. h6 b4 38. axb4 axb4 39. Bd4 b3 40. Kf2 Kg6
41. Kg3 Nd2 42. Kh4 Nc4 43. Kg3 Kh5 44. Kf2 Nd2 45. Ke2 Nf3 46. Bg7 Kg6 47. Be5
Kf7 48. Bd4 Kg6 49. Bc3 Kh5 50. Bd4 Kg6 51. Be5 Nxe5 52. fxe5 Kxg5 53. Kd2 Kg6
54. Kc3 Kxh6 55. Kxb3 Kg7 56. Kc3 Kf7 57. b4 Ke6 58. Kd4 h5 59. b5 h4 60. b6 h3
61. b7 h2 62. b8=Q h1=Q 63. Qd6+ Kf7 64. Qf6+ Ke8 65. Qxf5 Qa1+ 66. Kxe4 Qb1+
67. Kf4 Qf1+ 68. Kg5 Qxf5+ 69. Kxf5 Ke7 70. e6 Ke8 71. Kf6 1-0

[Event "C.to Provinciale PD"]
[Site "Monselice ITA"]
[Date "2005.01.08"]
[Round "1"]
[White "Baldi, Giancarlo"]
[Black "Rossi, Carlo"]
[Result "0-1"]
[WhiteElo "1760"]
[BlackElo "2367"]
[PlyCount "54"]
[EventDate "2005.01.08"]

1. Nf3 d6 2. d4 Bg4 3. e3 Nd7 4. Bd3 e5 5. Nbd2 Ngf6 6. c3 c6 7. h3 Bxf3 8.
Qxf3 d5 9. dxe5 Nxe5 10. Qe2 Bd6 11. O-O O-O 12. e4 Nxd3 13. Qxd3 dxe4 14. Qc2
Re8 15. Nc4 Bc7 16. Rd1 Nd5 17. Be3 b5 18. Nd2 f5 19. Nf1 f4 20. Bc5 Qg5 21. c4
f3 22. g3 Nf4 23. Be3 Nxh3+ 24. Kh1 Qh5 25. Nh2 Ng1 26. Rxg1 Re5 27. cxb5 Qxh2+
0-1

[Event "C.to Provinciale PD"]
[Site "Monselice ITA"]
[Date "2005.01.08"]
[Round "1"]
[White "Belloni, Umberto"]
[Black "Cestonaro, Federico"]
[Result "0-1"]
[WhiteElo "1950"]
[BlackElo "1565"]
[PlyCount "84"]
[EventDate "2005.01.08"]

1. d4 d5 2. e3 Nf6 3. Bd3 e6 4. f4 c5 5. c3 b6 6. Qe2 Bb7 7. Nf3 Bd6 8. Nbd2
O-O 9. Nf1 Nc6 10. Ng3 cxd4 11. cxd4 Nb4 12. Bb1 Ba6 13. Qd2 Rc8 14. Ne5 Qc7
15. Kf2 Nc2 16. Bxc2 Qxc2 17. Kf3 Ne4 18. Qxc2 Rxc2 19. Nxe4 dxe4+ 20. Kg3 f6
21. Ng4 h5 22. h3 hxg4 23. hxg4 Rfc8 24. a3 e5 25. dxe5 fxe5 26. f5 Re2 27. b4
Rcc2 28. Rg1 Be7 29. a4 Bd3 30. b5 Ra2 31. Rxa2 Rxa2 32. Re1 Rxa4 33. Bd2 Bxb5
34. Bc3 Bb4 35. Bxb4 Rxb4 36. g5 Bd3 37. g6 Rb1 38. Rxb1 Bxb1 39. Kh4 a5 40. g4
a4 41. g5 a3 42. f6 a2 0-1

[Event "C.to Provinciale PD"]
[Site "Monselice ITA"]
[Date "2005.01.08"]
[Round "1"]
[White "Meggiorin, Orlando"]
[Black "Demiraj, Rumi"]
[Result "0-1"]
[WhiteElo "1586"]
[BlackElo "1967"]
[PlyCount "36"]
[EventDate "2005.01.08"]

1. e4 Nf6 2. Nc3 d5 3. exd5 Nxd5 4. Nxd5 Qxd5 5. Nf3 e5 6. c4 Qe4+ 7. Be2 Nc6
8. d3 Bb4+ 9. Bd2 Bxd2+ 10. Qxd2 Qg6 11. a3 O-O 12. b4 Re8 13. Qe3 Bg4 14. b5
Bxf3 15. gxf3 Nd4 16. O-O-O Qd6 17. Kd2 Qxa3 18. Qe4 Qb4+ 0-1

[Event "C.to Provinciale PD"]
[Site "Monselice ITA"]
[Date "2005.01.08"]
[Round "1"]
[White "Quaranta, Cristiano"]
[Black "Cipolotti, Piersilvio"]
[Result "1/2-1/2"]
[WhiteElo "2072"]
[BlackElo "1691"]
[PlyCount "114"]
[EventDate "2005.01.08"]

1. e4 Nc6 2. d4 e5 3. Nf3 exd4 4. Nxd4 Nf6 5. Nxc6 bxc6 6. e5 Qe7 7. Qe2 Nd5 8.
c4 Ba6 9. b3 Qh4 10. Bb2 Bb4+ 11. Kd1 Nf4 12. Qf3 Ne6 13. g3 Qh6 14. Bc1 g5 15.
h4 O-O-O 16. hxg5 Nxg5 17. Rxh6 Nxf3 18. Bb2 Rhe8 19. Rh5 d6 20. e6 Rxe6 21.
Bh3 Rde8 22. Nc3 Kb8 23. Bxe6 Rxe6 24. Rxh7 Re1+ 25. Kc2 Bxc3 26. Kxc3 Re2 27.
Rxf7 Rxf2 28. g4 Bc8 29. g5 Nxg5 30. Rxf2 Ne4+ 31. Kd4 Nxf2 32. Rf1 c5+ 33. Kd5
Ng4 34. Rf8 Ne3+ 35. Kc6 a6 36. Bc3 Nc2 37. Ba5 Nd4+ 38. Kd5 Kb7 39. Bc3 Be6+
40. Ke4 Ne2 41. Bd2 Ng3+ 42. Kf3 Nf5 43. Rh8 Nd4+ 44. Kg3 Nf5+ 45. Kf4 Nd4 46.
Rh7 Kb6 47. Rh5 Ne2+ 48. Kg5 Ng3 49. Rh4 Nf5 50. Re4 Bd7 51. Kf6 Nd4 52. Ke7
Bf5 53. Re1 Bc8 54. Kd8 Bf5 55. Rh1 Nc6+ 56. Ke8 Bg6+ 57. Kf8 Be4 1/2-1/2

[Event "C.to Provinciale PD"]
[Site "Monselice ITA"]
[Date "2005.01.08"]
[Round "1"]
[White "Quaranta, Gaetano"]
[Black "Stafie, Constantin"]
[Result "0-1"]
[WhiteElo "1751"]
[BlackElo "2100"]
[PlyCount "134"]
[EventDate "2005.01.08"]

1. e4 e5 2. Nf3 Nc6 3. Bc4 Nf6 4. Ng5 d5 5. exd5 Na5 6. Bb5+ c6 7. dxc6 bxc6 8.
Be2 h6 9. Nf3 e4 10. Ne5 Qd4 11. f4 Bc5 12. Rf1 Qd8 13. c3 Bd6 14. b4 Nb7 15.
Nxc6 Qc7 16. Ne5 Bxe5 17. fxe5 Qxe5 18. g3 O-O 19. Kf2 Bh3 20. Re1 a5 21. d4
exd3 22. Bxd3 Qd5 23. Bf1 Qf5+ 24. Kg1 Bg4 25. Qd3 Qh5 26. Bg2 Rad8 27. Qf1 Nd6
28. bxa5 Qxa5 29. Bxh6 Nf5 30. Bf4 Rfe8 31. Rxe8+ Rxe8 32. Nd2 Be2 33. Qc1 Qa7+
34. Kh1 Ng4 35. h3 Nf2+ 36. Kh2 Nd3 37. Qg1 Qe7 38. Be4 Nxf4 39. Bxf5 Qg5 40.
Be4 Nxh3 41. Kxh3 Bg4+ 42. Kh2 Qh6+ 43. Kg2 Qxd2+ 44. Qf2 Qxf2+ 45. Kxf2 Rxe4
46. a4 Re2+ 47. Kf1 Rc2 48. Ra3 Be2+ 49. Ke1 Bc4 50. a5 Ra2 51. Rxa2 Bxa2 52.
a6 Bc4 53. a7 Bd5 54. Kd2 Kf8 55. c4 Bc6 56. Ke3 Ke7 57. Kd4 Kd6 58. c5+ Ke6
59. Kc4 f5 60. Kd4 g5 61. Kc4 Ke5 62. Kc3 Ke4 63. Kb4 f4 64. gxf4 gxf4 65. Ka5
f3 66. Kb6 Kd5 67. Kc7 f2 0-1

[Event "C.to Provinciale PD"]
[Site "Monselice ITA"]
[Date "2005.01.08"]
[Round "1"]
[White "Roberti, Ignazio"]
[Black "Fracasso Pezzolato, Michele"]
[Result "1-0"]
[WhiteElo "1975"]
[BlackElo "1685"]
[PlyCount "67"]
[EventDate "2005.01.08"]

1. e4 c5 2. Nf3 d6 3. c3 Nf6 4. Bd3 g6 5. Bc2 Bg7 6. d4 cxd4 7. cxd4 Bg4 8. Nc3
O-O 9. h3 Bc8 10. O-O a6 11. Be3 e6 12. Qd2 Nc6 13. a3 b5 14. Rfd1 d5 15. Rac1
Na5 16. Ne5 Nd7 17. Nxd7 Nc4 18. Qe2 Qxd7 19. Bb1 Bb7 20. exd5 Bxd5 21. Nxd5
exd5 22. h4 Rfe8 23. Ba2 Re4 24. Bxc4 dxc4 25. Qf3 Rae8 26. g3 Bxd4 27. Rc2 Qa7
28. Rxd4 Rxd4 29. Rd2 Rd3 30. Rxd3 cxd3 31. Bxa7 Re1+ 32. Kg2 d2 33. Bd4 f5 34.
Qd5+ 1-0

[Event "C.to Provinciale PD"]
[Site "Monselice ITA"]
[Date "2005.01.08"]
[Round "1"]
[White "Sanavio, Giancarlo"]
[Black "Cedriano, Filippo"]
[Result "1/2-1/2"]
[WhiteElo "1685"]
[BlackElo "2052"]
[PlyCount "56"]
[EventDate "2005.01.08"]

1. Nf3 c5 2. c4 g6 3. Nc3 Bg7 4. d4 Nf6 5. d5 d6 6. e4 O-O 7. Bd3 Bg4 8. h3
Bxf3 9. Qxf3 Nbd7 10. Bf4 Ne8 11. Qe2 a6 12. O-O e5 13. Bh2 Rb8 14. f4 exf4 15.
Bxf4 Ne5 16. Bc2 Qa5 17. a3 b5 18. cxb5 axb5 19. a4 bxa4 20. Bxa4 Nc7 21. Bd2
Qb6 22. b3 c4+ 23. Be3 Qb4 24. Na2 Qa5 25. Bd2 Qa7+ 26. Be3 Qa5 27. Bd2 Qa7+
28. Be3 Qa5 1/2-1/2

[Event "C.to Provinciale PD"]
[Site "Monselice ITA"]
[Date "2005.01.08"]
[Round "1"]
[White "Sgaravatti, Francesco"]
[Black "Pomaro, Alberto"]
[Result "1-0"]
[WhiteElo "2136"]
[BlackElo "1757"]
[PlyCount "36"]
[EventDate "2005.01.08"]

1. e4 e6 2. Nf3 c5 3. c3 d6 4. d4 b6 5. Bf4 Nf6 6. Bb5+ Bd7 7. Bd3 d5 8. e5 Ng8
9. Ng5 f5 10. exf6 Nxf6 11. Nxh7 Qe7 12. Ng5 Kd8 13. Bg6 Be8 14. Bxe8 Nxe8 15.
Qe2 Kd7 16. Nd2 Nc6 17. Ndf3 c4 18. O-O Nc7 1-0

[Event "C.to Provinciale PD"]
[Site "Monselice ITA"]
[Date "2005.01.08"]
[Round "1"]
[White "Zanirato, Stefano"]
[Black "Tresin, Ardilio"]
[Result "1-0"]
[WhiteElo "1774"]
[BlackElo "1343"]
[PlyCount "53"]
[EventDate "2005.01.08"]

1. e4 c6 2. f4 e6 3. Nf3 d6 4. d4 Be7 5. e5 d5 6. Bd3 c5 7. c3 cxd4 8. cxd4
Bb4+ 9. Bd2 Qa5 10. O-O Bxd2 11. Nbxd2 Nc6 12. Nb3 Qd8 13. Qe1 f5 14. Qg3 h6
15. Qxg7 Nce7 16. Qxh8 Kf8 17. Qh7 Bd7 18. Nc5 b6 19. Nxd7+ Qxd7 20. Nh4 Qe8
21. Rf3 Qa4 22. Ng6+ Nxg6 23. Qxg6 Qe8 24. Qxe8+ Rxe8 25. Rc1 Re7 26. Be2 Rg7
27. Rc8+ 1-0

[Event "C.to Provinciale PD"]
[Site "Monselice ITA"]
[Date "2005.01.09"]
[Round "2"]
[White "Calicchia, Giovanni"]
[Black "Sgaravatti, Francesco"]
[Result "0-1"]
[WhiteElo "1811"]
[BlackElo "2136"]
[PlyCount "70"]
[EventDate "2005.01.08"]

1. e4 c5 2. Nf3 e6 3. d4 cxd4 4. Nxd4 Bc5 5. Be3 Qb6 6. b3 Nc6 7. c3 Nf6 8. f3
d5 9. b4 Bxd4 10. Bxd4 Nxd4 11. Qxd4 Qxd4 12. Bb5+ Bd7 13. Bxd7+ Kxd7 14. cxd4
dxe4 15. Nd2 exf3 16. Nxf3 Rac8 17. O-O Ke7 18. Rac1 Nd5 19. Ne5 f6 20. Nd3
Rhd8 21. Rfe1 b6 22. b5 Kd7 23. a4 Rxc1 24. Rxc1 Rc8 25. Rxc8 Kxc8 26. Kf2 Kc7
27. Kf3 Nc3 28. Nf4 Kd6 29. Nh5 Nxa4 30. Nxg7 Nc3 31. Ne8+ Ke7 32. Nc7 Kd7 33.
Na6 Nxb5 34. Ke3 Nc7 35. Nb4 Nd5+ 0-1

[Event "C.to Provinciale PD"]
[Site "Monselice ITA"]
[Date "2005.01.09"]
[Round "2"]
[White "Canazza, Alessandro"]
[Black "Meggiorin, Orlando"]
[Result "1-0"]
[WhiteElo "1778"]
[BlackElo "1586"]
[PlyCount "79"]
[EventDate "2005.01.08"]

1. g3 g6 2. Bg2 Bg7 3. d3 d6 4. Nd2 c5 5. e4 Nc6 6. c3 Rb8 7. f4 Nf6 8. Ne2 Bg4
9. h3 Bxe2 10. Qxe2 Nh5 11. Qf2 Qc7 12. O-O O-O 13. Nf3 Rbe8 14. g4 Nf6 15. Qh4
e6 16. Ng5 e5 17. f5 h6 18. Nf3 g5 19. Qg3 Nh7 20. h4 f6 21. hxg5 fxg5 22. Nd2
b5 23. Bf3 b4 24. Nc4 Rb8 25. Rf2 bxc3 26. bxc3 Na5 27. Ne3 Nf6 28. Qg2 c4 29.
Qf1 cxd3 30. Qxd3 Rfc8 31. Nd5 Nxd5 32. Qxd5+ Kh8 33. Bd2 Nc4 34. Bxg5 Nb6 35.
Qe6 Re8 36. Qg6 hxg5 37. f6 Re6 38. fxg7+ Qxg7 39. Rh2+ Kg8 40. Qxe6+ 1-0

[Event "C.to Provinciale PD"]
[Site "Monselice ITA"]
[Date "2005.01.09"]
[Round "2"]
[White "Cedriano, Filippo"]
[Black "Quaranta, Cristiano"]
[Result "1/2-1/2"]
[WhiteElo "2052"]
[BlackElo "2072"]
[PlyCount "78"]
[EventDate "2005.01.08"]

1. e4 c5 2. Nc3 Nc6 3. f4 g6 4. Nf3 Bg7 5. Bc4 e6 6. d3 Nge7 7. O-O O-O 8. Qe1
Nd4 9. Nxd4 cxd4 10. Ne2 d5 11. Bb3 b6 12. e5 a5 13. a4 Nf5 14. Qf2 Ne3 15.
Bxe3 dxe3 16. Qxe3 Ba6 17. Nd4 Qd7 18. g4 Rfe8 19. g5 Bf8 20. Rf3 Bc5 21. Rh3
b5 22. c3 Qa7 23. Kh1 b4 24. Qf2 bxc3 25. bxc3 Bxd4 26. cxd4 Rab8 27. Rb1 Rb4
28. Qh4 Qxd4 29. Qxh7+ Kf8 30. Qh8+ Ke7 31. Qf6+ Kd7 32. Rh7 Re7 33. Rxf7 Qc5
34. Qxg6 Rxb3 35. Rxe7+ Kxe7 36. Qf6+ Kd7 37. Qf7+ Kd8 38. Qf6+ Kd7 39. Qf7+
Kd8 1/2-1/2

[Event "C.to Provinciale PD"]
[Site "Monselice ITA"]
[Date "2005.01.09"]
[Round "2"]
[White "Cestonaro, Federico"]
[Black "Roberti, Ignazio"]
[Result "0-1"]
[WhiteElo "1565"]
[BlackElo "1975"]
[PlyCount "113"]
[EventDate "2005.01.08"]

1. d4 Nf6 2. c4 e6 3. Nc3 Bb4 4. a3 Bxc3+ 5. bxc3 c5 6. f3 d5 7. cxd5 exd5 8.
e3 O-O 9. Bd3 Re8 10. Ne2 Nc6 11. O-O a6 12. Ng3 cxd4 13. cxd4 Qb6 14. Kh1 Bd7
15. Rb1 Qc7 16. Bd2 Rac8 17. Rc1 Qd6 18. Qb3 b5 19. Rc5 Ne7 20. Rfc1 h5 21. Bb4
Rxc5 22. Rxc5 Qb8 23. Qc2 h4 24. Ne2 Nc8 25. e4 dxe4 26. Bxe4 Nb6 27. Nc3 Qf4
28. Nd5 Nbxd5 29. Bxd5 Ng4 30. g3 hxg3 31. hxg3 Qxg3 32. Bxf7+ Kxf7 33. Rf5+
Bxf5 34. Qxf5+ Kg8 35. Qd5+ Kh8 36. Qh5+ Nh6 37. Qxe8+ Kh7 38. Qe4+ Kh8 39.
Qe8+ Ng8 40. Qh5+ Nh6 41. Qe8+ Kh7 42. Qe4+ Qg6 43. Qxg6+ Kxg6 44. d5 Kf5 45.
Kg2 Nf7 46. d6 Ke6 47. Bc3 g6 48. Kg3 Nxd6 49. Kg4 Nf7 50. Kf4 Kd5 51. Bb4 Ne5
52. Ke3 Nc6 53. Bf8 a5 54. Kd3 Ne5+ 55. Ke3 Nd7 56. Be7 Nc5 57. f4 0-1

[Event "C.to Provinciale PD"]
[Site "Monselice ITA"]
[Date "2005.01.09"]
[Round "2"]
[White "Fracasso Pezzolato, Michele"]
[Black "Baldi, Giancarlo"]
[Result "1-0"]
[WhiteElo "1685"]
[BlackElo "1760"]
[PlyCount "45"]
[EventDate "2005.01.08"]

1. e4 e5 2. f4 d5 3. exd5 e4 4. d3 Qxd5 5. Nc3 Bb4 6. Bd2 Bxc3 7. Bxc3 Nf6 8.
dxe4 Qxe4+ 9. Qe2 Qxe2+ 10. Bxe2 Nbd7 11. O-O-O Ne4 12. Bxg7 Rg8 13. Bd4 c5 14.
Be3 a6 15. Nh3 b6 16. Ng5 Ndf6 17. Nxe4 Nxe4 18. Rd5 Be6 19. Re5 Nd6 20. g4 Kd8
21. Rd1 Kc7 22. f5 Bc8 23. Bf4 1-0

[Event "C.to Provinciale PD"]
[Site "Monselice ITA"]
[Date "2005.01.09"]
[Round "2"]
[White "Rossi, Carlo"]
[Black "Nagliati, Paolo"]
[Result "1-0"]
[WhiteElo "2367"]
[BlackElo "1796"]
[PlyCount "71"]
[EventDate "2005.01.08"]

1. e4 d5 2. Nc3 d4 3. Nce2 c5 4. Ng3 g6 5. Bc4 Nf6 6. e5 Nd5 7. Qf3 Be6 8. Ne4
Nd7 9. Qb3 Nc7 10. f4 Bxc4 11. Qxc4 b5 12. Qe2 Bg7 13. Nf3 O-O 14. h4 f6 15. h5
fxe5 16. hxg6 h6 17. fxe5 Qe8 18. Nh4 Nxe5 19. Qh5 Qd7 20. d3 Qg4 21. Qxg4 Nxg4
22. Nxc5 Rf6 23. Ne4 Rc6 24. O-O Rf8 25. Rxf8+ Bxf8 26. Nf5 e5 27. g7 Bc5 28.
a3 Nd5 29. Bd2 Ne7 30. Nfg3 Kxg7 31. Nxc5 Rxc5 32. Bb4 Rc7 33. Bxe7 Rxe7 34.
Nf5+ Kf7 35. Nxe7 Kxe7 36. c3 1-0

[Event "C.to Provinciale PD"]
[Site "Monselice ITA"]
[Date "2005.01.09"]
[Round "2"]
[White "Stafie, Constantin"]
[Black "Zanirato, Stefano"]
[Result "1-0"]
[WhiteElo "2100"]
[BlackElo "1774"]
[PlyCount "43"]
[EventDate "2005.01.08"]

1. e4 Nc6 2. d4 d5 3. e5 a6 4. Be3 Bf5 5. a3 e6 6. Nf3 Be7 7. c4 g5 8. h3 h5 9.
Nc3 Nh6 10. cxd5 exd5 11. Qb3 Be6 12. Bd3 g4 13. hxg4 Nxg4 14. O-O-O b5 15. Ne2
Na5 16. Qc2 Nc4 17. Bxc4 bxc4 18. Nf4 Nxe3 19. fxe3 Bg4 20. e6 Bxe6 21. Nxe6
fxe6 22. Qg6+ 1-0

[Event "C.to Provinciale PD"]
[Site "Monselice ITA"]
[Date "2005.01.09"]
[Round "2"]
[White "Vastano, Ciro"]
[Black "Sanavio, Giancarlo"]
[Result "1-0"]
[WhiteElo "1652"]
[BlackElo "1685"]
[PlyCount "97"]
[EventDate "2005.01.08"]

1. e4 d5 2. Nc3 d4 3. Nce2 Nc6 4. d3 e5 5. Nf3 Bg4 6. Ng3 h6 7. Be2 Be7 8. O-O
h5 9. h3 Be6 10. a3 h4 11. Nh1 g5 12. Ne1 Nh6 13. f3 Qd7 14. b4 f5 15. Nf2
O-O-O 16. b5 Nb8 17. a4 Rdg8 18. exf5 Nxf5 19. Ng4 Qd5 20. Rf2 Ng3 21. Bd2 Bxg4
22. fxg4 Rf8 23. Nf3 e4 24. dxe4 Nxe4 25. Rf1 Nd7 26. Bd3 Ng3 27. Re1 Re8 28.
Qc1 Rhg8 29. Qb2 Bf6 30. Qb4 Be7 31. Rxe7 Rxe7 32. Qxe7 Nc5 33. Re1 Nxa4 34.
Qe6+ Qxe6 35. Rxe6 Kd7 36. Re5 Kd6 37. Rxg5 Re8 38. Nxh4 Ne2+ 39. Kf2 Nac3 40.
Nf5+ Kd7 41. Bxc3 Nxc3 42. Nxd4 Nd1+ 43. Kg3 Nc3 44. h4 Re3+ 45. Kf4 Re7 46. h5
c6 47. h6 Nd5+ 48. Kg3 Kd6 49. Nf5+ 1-0

[Event "C.to Provinciale PD"]
[Site "Monselice ITA"]
[Date "2005.01.09"]
[Round "3"]
[White "Belloni, Umberto"]
[Black "Fracasso Pezzolato, Michele"]
[Result "1/2-1/2"]
[WhiteElo "1950"]
[BlackElo "1685"]
[PlyCount "48"]
[EventDate "2005.01.08"]

1. e4 c5 2. Nf3 d6 3. d4 cxd4 4. Nxd4 Nf6 5. Bd3 e6 6. O-O Be7 7. c3 O-O 8. Nd2
b6 9. f4 Qc7 10. Qf3 Bb7 11. Qh3 Nbd7 12. Re1 Qc5 13. Kh1 Qh5 14. Qxh5 Nxh5 15.
N2f3 Nc5 16. Bc2 Nf6 17. Nd2 Rac8 18. a4 a6 19. h3 Rfe8 20. N4f3 Bf8 21. Kh2 h6
22. g4 g6 23. Kg3 Be7 24. h4 Kg7 1/2-1/2

[Event "C.to Provinciale PD"]
[Site "Monselice ITA"]
[Date "2005.01.09"]
[Round "3"]
[White "Demiraj, Rumi"]
[Black "Vastano, Ciro"]
[Result "1-0"]
[WhiteElo "1967"]
[BlackElo "1652"]
[PlyCount "39"]
[EventDate "2005.01.08"]

1. Nf3 e6 2. e4 d5 3. e5 c5 4. Bb5+ Bd7 5. Bxd7+ Qxd7 6. c3 Nc6 7. d4 Nge7 8.
O-O cxd4 9. cxd4 Nf5 10. g4 Nh6 11. h3 Be7 12. Nc3 a6 13. Nh2 Qd8 14. Be3 Rc8
15. Qd2 Ng8 16. f4 Bb4 17. a3 Ba5 18. Rac1 Qh4 19. Kg2 h5 20. g5 1-0

[Event "C.to Provinciale PD"]
[Site "Monselice ITA"]
[Date "2005.01.09"]
[Round "3"]
[White "Quaranta, Cristiano"]
[Black "Pomaro, Alberto"]
[Result "1-0"]
[WhiteElo "2072"]
[BlackElo "1757"]
[PlyCount "43"]
[EventDate "2005.01.08"]

1. e4 e6 2. d4 d5 3. exd5 Qxd5 4. Nf3 Nf6 5. Nc3 Qd8 6. Bd3 Be7 7. O-O O-O 8.
Ne4 Nbd7 9. c3 b6 10. Ng3 Bb7 11. Ne5 Nxe5 12. dxe5 Qd5 13. f3 Qxe5 14. Re1 Qd5
15. Qc2 Rfd8 16. Bf1 Bc5+ 17. Kh1 Qc6 18. Bg5 Be7 19. Bd3 h6 20. Bxf6 Bxf6 21.
Be4 Rd5 22. c4 1-0

[Event "C.to Provinciale PD"]
[Site "Monselice ITA"]
[Date "2005.01.09"]
[Round "3"]
[White "Quaranta, Gaetano"]
[Black "Cedriano, Filippo"]
[Result "0-1"]
[WhiteElo "1751"]
[BlackElo "2052"]
[PlyCount "135"]
[EventDate "2005.01.08"]

1. e4 c5 2. d4 g6 3. d5 Bg7 4. d6 exd6 5. Qxd6 Qe7 6. Qxe7+ Nxe7 7. Nf3 d5 8.
Bb5+ Bd7 9. Bxd7+ Nxd7 10. exd5 Nxd5 11. O-O O-O 12. c3 Rfe8 13. Nbd2 Nf4 14.
Nc4 Ne2+ 15. Kh1 Nxc1 16. Raxc1 b5 17. Nd6 Re2 18. Rb1 b4 19. cxb4 cxb4 20. Ng5
Rf8 21. a3 b3 22. Nb5 a6 23. Nc7 Nc5 24. Rfc1 Nd3 25. Rf1 Nxf2+ 26. Kg1 Bd4 27.
Nf3 Ba7 28. Nxa6 Rc8 29. Nb4 Nd3+ 30. Kh1 Nf2+ 31. Kg1 Bc5 32. Nd5 Nd3+ 33. Kh1
Rxb2 34. Rbd1 Nf2+ 35. Rxf2 Rxf2 36. Nf6+ Kg7 37. Ne4 b2 38. Ne5 Rc2 39. Nd3
Bxa3 40. Nxb2 Bxb2 41. h3 Rc1 42. Rxc1 Rxc1+ 43. Kh2 Be5+ 44. g3 Rc2+ 45. Kg1
Re2 46. Ng5 Bxg3 47. Kf1 Re5 48. Nf3 Rf5 49. Kg2 Rxf3 50. Kxf3 Bb8 51. Kg4 h5+
52. Kf3 Kf6 53. Ke3 Kf5 54. Kf3 g5 55. Kg2 Kf4 56. Kh2 Kf3+ 57. Kh1 Kg3 58. h4
Kxh4 59. Kg2 f5 60. Kf3 g4+ 61. Kg2 f4 62. Kh2 f3+ 63. Kg1 Kg3 64. Kh1 h4 65.
Kg1 Kf4 66. Kh2 Ke3+ 67. Kg1 Ke2 68. Kh1 0-1

[Event "C.to Provinciale PD"]
[Site "Monselice ITA"]
[Date "2005.01.09"]
[Round "3"]
[White "Roberti, Ignazio"]
[Black "Rossi, Carlo"]
[Result "0-1"]
[WhiteElo "1975"]
[BlackElo "2367"]
[PlyCount "86"]
[EventDate "2005.01.08"]

1. Nf3 d6 2. e4 c5 3. d4 cxd4 4. Nxd4 Nf6 5. Nc3 Bd7 6. Be2 Nc6 7. Be3 Rc8 8.
O-O a6 9. Nb3 Ne5 10. f3 e6 11. a4 Be7 12. Kh1 O-O 13. a5 Kh8 14. Na4 Bc6 15.
Nb6 Rb8 16. Nd4 Be8 17. c3 Rg8 18. Qd2 Ned7 19. Nxd7 Bxd7 20. Bd3 e5 21. Ne2
Be6 22. Ng3 Qd7 23. Be2 Qc6 24. Qc2 g5 25. Qd2 Nd7 26. Rfd1 Rg6 27. Nf5 Bxf5
28. exf5 Rg7 29. Bd3 Qc7 30. Be4 Nf6 31. Qc2 g4 32. Bh6 Rgg8 33. Qb3 gxf3 34.
gxf3 d5 35. Bxd5 Bc5 36. c4 b5 37. Be3 Bxe3 38. Qxe3 bxc4 39. Qc3 Nxd5 40. Rxd5
f6 41. Rad1 Rb3 42. Rd7 Qc6 43. R7d6 Qa8 0-1

[Event "C.to Provinciale PD"]
[Site "Monselice ITA"]
[Date "2005.01.09"]
[Round "3"]
[White "Sanavio, Giancarlo"]
[Black "Baldi, Giancarlo"]
[Result "1/2-1/2"]
[WhiteElo "1685"]
[BlackElo "1760"]
[PlyCount "97"]
[EventDate "2005.01.08"]

1. Nf3 Nf6 2. c4 c5 3. d4 cxd4 4. Nxd4 Nc6 5. Nc3 e5 6. Ndb5 a6 7. Nd6+ Bxd6 8.
Qxd6 Qe7 9. Qxe7+ Nxe7 10. Bg5 Neg8 11. O-O-O b6 12. e4 Bb7 13. f3 Rc8 14. Kb1
Rb8 15. Be3 Bc6 16. Bf2 Ne7 17. Nd5 Bxd5 18. cxd5 b5 19. Be2 Ng6 20. g3 O-O 21.
Rd3 d6 22. Rc1 Rfc8 23. Rc6 Rxc6 24. dxc6 Ne8 25. Ra3 Ne7 26. Rxa6 Nc8 27. Ra3
Nc7 28. Rc3 Kf8 29. f4 Ne6 30. fxe5 dxe5 31. Rb3 Nd6 32. a4 Nxe4 33. Ba7 Ra8
34. Be3 bxa4 35. Rb4 Nf6 36. Bf3 Ne8 37. Be4 N8c7 38. Bb6 g6 39. g4 Ke7 40. Ka2
Kd6 41. Ka3 Nd5 42. Bxd5 Kxd5 43. c7 Rc8 44. Kxa4 Nxc7 45. Ba5 e4 46. Rb7 Kd6
47. Kb3 f5 48. gxf5 gxf5 49. Rb6+ 1/2-1/2

[Event "C.to Provinciale PD"]
[Site "Monselice ITA"]
[Date "2005.01.09"]
[Round "3"]
[White "Sgaravatti, Francesco"]
[Black "Stafie, Constantin"]
[Result "0-1"]
[WhiteElo "2136"]
[BlackElo "2100"]
[PlyCount "60"]
[EventDate "2005.01.08"]

1. e4 e5 2. Bc4 Nf6 3. Qe2 Be7 4. Nf3 Nc6 5. c3 O-O 6. O-O d5 7. exd5 Nxd5 8.
Nxe5 Nf4 9. Qe4 Nxe5 10. Qxe5 Bd6 11. Qe4 Qh4 12. Kh1 Qh5 13. d4 Bf5 14. Qf3
Bg4 15. Qxb7 Rab8 16. Qc6 Nxg2 17. f4 Nh4 18. Nd2 Rbe8 19. Qd5 Nf5 20. Kg1 Bh3
21. Qf3 Qg6+ 22. Kf2 Re3 23. Qd5 Qh6 24. Nf3 Qxf4 25. Rg1 Rxf3+ 26. Qxf3 Qxh2+
27. Rg2 Bxg2 28. Qxg2 Qh4+ 29. Kf1 Re8 30. Bg5 Ng3+ 0-1

[Event "C.to Provinciale PD"]
[Site "Monselice ITA"]
[Date "2005.01.09"]
[Round "3"]
[White "Tresin, Ardilio"]
[Black "Canazza, Alessandro"]
[Result "0-1"]
[WhiteElo "1343"]
[BlackElo "1778"]
[PlyCount "86"]
[EventDate "2005.01.08"]

1. d4 g6 2. c4 Bg7 3. Nc3 d6 4. Nf3 Nd7 5. e3 Ngf6 6. Be2 O-O 7. O-O e5 8. Rb1
Re8 9. dxe5 dxe5 10. Qc2 c6 11. b4 Qc7 12. e4 Nh5 13. Be3 Nf4 14. Rfd1 Nf6 15.
g3 Nxe2+ 16. Nxe2 Bg4 17. Kg2 Qc8 18. Neg1 b6 19. a3 Qb7 20. c5 b5 21. Bg5 Nd7
22. h3 Be6 23. Be3 h6 24. Qc1 Kh7 25. Rd6 a5 26. Ra1 axb4 27. axb4 Ra4 28. Bd2
Rea8 29. Rxa4 bxa4 30. Rd3 Nf6 31. Nxe5 Nxe4 32. Rd7 Bxd7 33. Nxf7 Nxd2 34.
Qxd2 Bxh3+ 35. Nxh3 Qxf7 36. Qd6 Qf6 37. Qd7 Rb8 38. Qd2 Qd4 39. Qa2 Rxb4 40.
Nf4 Qc4 41. Qd2 Qxc5 42. Qd7 Rxf4 43. gxf4 Qd5+ 0-1